[Event "GER-ch 69th"]
[Site "Gladenbach"]
[Date "1997.11.20"]
[Round "4"]
[White "Miltner, Arndt"]
[Black "Wahls, Matthias"]
[Result "0-1"]
[WhiteElo "2410"]
[BlackElo "2595"]
[Annotator "Wahls,M"]
[PlyCount "68"]
[EventDate "1997.11.17"]
[EventType "swiss"]
[EventRounds "9"]
[EventCountry "GER"]
[SourceTitle "CBM 061 Extra"]
[Source "ChessBase"]
[SourceDate "1998.03.09"]
[SourceVersion "1"]
[SourceVersionDate "1998.03.09"]
[SourceQuality "1"]

1. d4 Nf6 2. Bg5 {Durch die Verdienste von Julian Hodgson und einger anderer
englischer Großmeister, erfreut sich die Trompovsky-Variante heutzutage großer
Popularität.} Ne4 $5 {In unserer modernen, hochtechnisierten Zeit beginnt der
eigentlich schachliche Wettstreit nicht mehr mit dem ersten Zug, sondern
bereits während der Vorbereitung. Aufgrund sinkender Preise für Datenbanken
und Notebooks ist heute fast jeder Turnierspieler in der Lage, sich mit Hilfe
von ChessBase ein umfassendes Bild von seinem künftigen Gegner zu machen.
Damit ist nicht nur die Sichtung dessen Eröffnungsrepertoires, sondern auch
das Aufspüren seiner Schwächen, Stärken und Neigungen gemeint. Ziel der
Vorbereitung muß es sein, dem Gegner den eigenen Willen aufzuzwingen. Die
angestrebte Variante sollte die eigenen Vorzüge beförden und die des Gegners
nach Möglichkeit nicht zur Geltung kommen lassen. Bei der Vorbereitung auf
diese Partie mußte ich feststellen, daß Miltner im Falle starker Gegnerschaft
mit Vorliebe remisträchtige Stellungen anzustreben pflegt. Um diese Absicht zu
durchkreuzen, nahm ich Abstand von meinem gewohnten 2..e6 und preparierte mit
2..Se4 einen Zug, der recht unbalancierte und interessante Stellungen zu
versprechen scheint.} 3. Bf4 c5 4. f3 ({Nach} 4. d5 {verspricht} Qb6 {leichten
Ausgleich.}) 4... Qa5+ {Die Alternative} (4... Nf6 $6 {ist wegen} 5. dxc5 $1 {
in relative Ungnade gefallen.}) 5. c3 Nf6 6. Nd2 (6. d5 e6 $11) 6... cxd4 7.
Nb3 (7. cxd4 $2 Nd5) 7... Qf5 $5 ({Die Hauptvariante} 7... Qb6 8. Qxd4 Nc6 9.
Qxb6 axb6 {gefiel mir gleich aus zweierlei Gründen nicht: Erstens ist die
Stellung hier ziemlich remislich und zweitens schätze ich sie, im Gegensatz
zur gängigen Theoriemeinung, als leicht besser für Weiß ein. Der Partiezug ist
ein wenig riskant, aber wohl ganz gut spielbar. Interessant ist die nun
folgende optische Stellungsveränderung. Binnen weniger Züge werden die
schwarzen Figuren völlig zurück gedrängt.}) 8. Bxb8 $1 Rxb8 9. Qxd4 $1 b6 10.
e4 Qf4 11. Nh3 $1 {Dieser Zug gefällt besser als die Altenativen 11.Ne2 und 11.
Bc4.} Qc7 12. e5 Ng8 13. Bd3 $2 {Kritisch ist} (13. O-O-O {, was in der
Stammpartie Salov-Nunn, Amsterdam 1995 gespielt wurde. Auf d3 steht der Läufer
wenig sinnvoll.}) 13... e6 $1 $15 {[#] Auf den ersten Blick ist dieses Urteil
schwer nachzuvollziehbar. Weiß deutlich besser zu stehen, da bereits fast all
seine Truppen entwickelt sind. Bei genauerem Hinsehen, jedoch erweißt sich
dieser oberflächliche Eindruck als trügerisch. Keine der weißen Figuren steht
wirklich aktiv. Der Bauer e5, der die schwarze Stellung einzuengen scheint,
wird sich bald als Verpflichtung herausstellen. Schwarz hingegen, besitz das
Läuferpaar und damit gleichzeitig die unumstrittene Herrschaft auf den dunklen
Feldern. Zusammen mit dem zentralen Bauernübergewicht im Zentrum begründet
dies einen klaren "Substanzvorteil". Nach Beendigung der Entwicklung und somit
erfolgter Stellungskonsolidierung fiele jener dann stark ins Gewicht. Um dies
zu verhindern, müßte Weiß nun versuchen seinen Zeitvorteil in Initiative
umzuwandeln. Aber wie gesagt, die weißen Figuren stehen zu schlecht, um die
feste schwarze Stellung ernsthaft bgefährden zu können.} (13... g6 14. e6 Nf6 (
14... f6 $2 15. Ng5 Bg7 16. Nxh7) 15. exf7+ Kxf7 16. Ng5+ (16. f4 Bb7 17. O-O
e6 18. Ng5+ Kg7 $15) 16... Kg7 17. Ne4 Bb7 (17... e5 18. Nxf6 $1) 18. Nxf6 exf6
19. O-O-O Bc5 20. Qa4 Bc6 21. Bb5 Be3+ 22. Kb1 Rhe8 $13) 14. O-O (14. Ng5 $5
Ne7 (14... f5 $2 15. Bb5 $1) (14... Bc5 $5 15. Qf4 f5 16. Bb5 Kf8 17. O-O-O (
17. Ne4 Ne7 $17) 17... Ne7) 15. Qf4 f5 16. Bb5 Nc6 $15) 14... f5 $1 {[#] Auch
diese gute Schablonezug erscheint auf den ersten Blick paradox. Anstatt sich
zu entwickeln macht Schwarz einen weiteren Bauernzug, der noch dazu
Schwächungen im eigenen Lager hervorzurufen scheint. Immerhin wäre der
Abtausch des weißen e-Bauern mit d7-d6 nun mit der Rückständigkeit des
verbleibenden schwarzen Zentralbauern verbunden. Doch dieser Aspekt ist
sekundär, denn wegen seiner schlechten Entwicklung denkt Schwarz einstweilen
gar nicht an eine Stellungsöffnung mit d7-d6. Vielmehr möchte er sich erst
einmal im Schutze seines gerade errichteten Bauernschildes zuende entwickeln.
Der Bauer f5 erfüllt in diesem Zusammenhang eine doppelte Funktion: Zum einen
nimmt er den weißen Springern das Feld e4 und damit den Einfluß auf den
neuralgischen Punkt d6. Zum anderen hält er die weißen Figuren (insbesondere
den Läufer) vom schwarzen Königsflügel fern.} 15. Kh1 $6 {Vermutlich wäre es
besser gewesen auf f6 zu schlagen, auch wenn Schwarz dann mit seinen Läufern
und den mobil gewordenen Zentrumsbauern über die zumindest leicht bessere
Chancen verfügt. In Betracht kam ferner 15.Rfe1, um mit 16.Qa4 und 17.Nd4
fortzusetzen.} Nh6 $1 {Der Springer strebt nach f7, von woaus er mit g5, e5
und d6 gleich drei immens wichtige Felder kontrolliert.} 16. Rfe1 Be7 17. Nd2
Nf7 18. a4 {Hierdurch erhält der weiße Springer einen Stütztpunkt auf c4.} O-O
19. b4 $2 {In dem Bestreben Bc5 zu verhindern, kompromittiert Weiß seine
Bauernstruktur nicht unerheblich. Besser gewesen wäre} (19. Nc4 Bb7 (19... g5
$5 {mit der Idee durch 20..Bc5 die Dame zu gewinnen. Sicherlich waren es
derartige Motive, die Weiß zu seinem 19.Zug veranlaßten.}) (19... Ba6 20. Nd6
$1) 20. Rad1 Rbc8 21. b3 g5 22. Qf2 Kh8 $36 {mit der Idee Tg8 und g4.}) 19...
d6 $1 {Nach abgeschlossener Entwicklung und in Verbindung mit dem letzten
weißen Zug macht diese Stellungsöffnung einen sehr guten Eindruck. Die
schwarze Überlegenheit auf den dunklen Feldern kommt nun wunderbar zur Geltung.
} 20. exd6 (20. Qc4 Qxc4 21. Nxc4 dxe5 22. Nxe5 Nxe5 23. Rxe5 Bf6 $19) 20...
Bxd6 {Schwarz verfügt nun über eine ausgezeichnete Zentrumskontrolle, was ihm
klaren Vorteil verspricht. Geschockt durch den vermutlich unerwarteten 19.
schwarzen Zug, verliert der Weiße nun gänzlich den Faden.} 21. Nc4 $2 (21. Qc4
Bxh2 22. f4 $1 Qxc4 23. Bxc4 Bg3 24. Re3 Bh4 25. Bxe6 Bxe6 26. Rxe6 Bf6 27. Rc1
Rfe8 28. Rxe8+ Rxe8 $17) (21. f4 e5 22. Qc4 $1 e4 $17) 21... Bxh2 $19 22. f4
Bg3 23. Re2 Bh4 24. Rc1 Bb7 25. Ne5 Bf6 26. Qe3 Bxe5 $5 27. fxe5 Nh6 28. Nf4
Ng4 29. Qg3 Rbe8 30. Bb1 Qf7 (30... Nxe5 $2 31. Nxe6 Rxe6 32. Ba2) 31. Ba2 g5
32. Nxe6 {Alles andere wäre natürlich vollkommen hoffnungslos.} Rxe6 33. Rd1
Kh8 34. Rd6 $2 {Dieser Überseher bereitet dem weißen Leiden ein jähes Ende.} (
34. Bxe6 Qxe6 35. Rd6 f4 36. Rxe6 (36. Qe1 Qe8) 36... fxg3 37. Kg1 Bd5 38. Rd6
Rf2 $19) (34. Kg1 Bc8 35. Red2 Qg6 36. Bxe6 Bxe6 37. Rd8 Rxd8 38. Rxd8+ Kg7 $19
{mit der Idee f4.}) 34... Qh5+ 0-1

[Event "Oxford GM-A"]
[Site "Oxford"]
[Date "1998.12.18"]
[Round "5"]
[White "Wells, Peter K"]
[Black "Sutovsky, Emil"]
[Result "0-1"]
[WhiteElo "2515"]
[BlackElo "2575"]
[Annotator "Wells,P"]
[PlyCount "78"]
[EventDate "1998.12.14"]
[EventType "tourn"]
[EventRounds "9"]
[EventCountry "ENG"]
[EventCategory "11"]
[SourceTitle "CBM 069"]
[Source "ChessBase"]
[SourceDate "1999.04.01"]
[SourceVersion "1"]
[SourceVersionDate "1999.04.01"]
[SourceQuality "1"]

1. d4 Nf6 2. Bg5 {When in England, do as the English do!} Ne4 3. Bf4 d5 4. e3
c5 5. Bd3 $1 {The new fashion, the poison of which was unfortunately rather
more in evidence in my later game as black against Julian than here! The idea
is simple. No longer does white exploit the position of black's knight on e4
by driving it back, but rather by simply exchanging it off, claiming that
black's e4 pawn will constitute a serious weakness.} Nf6 $5 {Perhaps too
unpretentious, it is a little hard to believe that black can simply cede a
tempo this lightly.} 6. Nf3 {There is nothing wrong with the text move.
White's bishop may be arguably a little misplaced on d3 since black is about
to pin the f3 knight, but on the other hand white has 'wasted' less time with
his Bg5-f4 than black with his Nf6-e4-f6. However, a couple of days later in
the other GM section, Aaron Summerscale showed a much more direct approach with
} (6. dxc5 $5 Qa5+ ({I had been much more concerned about} 6... Nc6 $5 7. Nf3 (
7. Bb5 $5 {This might be the key. White avoids the irritating pin on his f3
knight.} Qa5+ 8. Nc3 a6 (8... e6 9. a3 $1) 9. Bxc6+ bxc6 10. Qd4 Bf5 11. Nf3 $5
Bxc2 12. O-O {[%csl Rc6][%cal Yf3e5,Yb2b4] with a dark square bind.}) 7... Bg4
{which does indeed seem to be critical. All attempts to retain the pawn do
offer black definite compensation.} 8. Bb5 Qa5+ 9. Nc3 e6 10. Qd4 $1 (10. a3
Ne4 11. Bxc6+ bxc6 12. b4 Nxc3 13. Qd3 Qb5 14. Qxc3 Bxf3 $1 15. gxf3 a5 $44)
10... Bxf3 11. gxf3 Nd7 12. Bxc6 bxc6 13. b4 Qa3 14. O-O Be7 $132 {[%cal Ye7f6,
Yf6c3]}) 7. Nc3 e6 8. a3 $1 {Preventing capture on c5 by the bishop, and
moreover preparing to target black's queen rather effectively.} Qxc5 9. Nb5 $1
Na6 10. b4 Qb6 11. Nf3 Bd7 12. Qe2 Be7 13. Be5 O-O 14. Bd4 Qc6 15. O-O {
[%csl Ra6,Ra7]} b6 16. Bxf6 Bxf6 17. Nbd4 Qa4 18. Bxa6 b5 19. Bb7 Rab8 20. Bc6
$18 {1-0 Summerscale,A-Hermansson,E/It GMB, Oxford ENG 1998/[Wells] (29)}) 6...
Nc6 7. O-O Bg4 8. c3 e6 9. Nbd2 Be7 10. Qb1 $5 {[%cal Yb1h7,Yf3e5] A better
square than c2. White may need that square for retreat in the event of a later
...c4, and in any case does not want to run into ...Rc8.} Bh5 11. Ne5 Bg6 12.
Nxg6 hxg6 13. Nf3 Nh5 14. Be5 Bd6 15. Bb5 (15. Bxg6 $2 {For some unknown
reason I wasted time on} Bxe5 16. dxe5 fxg6 17. Qxg6+ Kd7 18. g4 Qf8 $1 $17 19.
Kg2 $140 $2 Qxf3+) 15... O-O 16. Bxc6 bxc6 17. Qc2 {[%csl Rc6][%cal Yc3c4] I
think white's chances of creating play on the c-file are no better after the
exchange of bishops. His next move surprised me since the bishop on e5 is by
no means bad.} Be7 18. dxc5 Bxc5 19. c4 Rc8 20. Rac1 Nf6 21. Bxf6 $5 {
Somewhere around here I went the full distance from excessive pessimism to
equally exagerrated pessimism. I believed that this exchange would increase my
chances on the light squares and had assumed that the structure reached at
move 27 would strongly favour white. I still do not think this is a bad move
but the routine} (21. Qa4 {deserved consideration.}) 21... gxf6 22. Qa4 Qb6 23.
Rc2 Be7 24. Rfc1 c5 25. cxd5 exd5 26. e4 (26. Rd1 Rfd8 27. Rcd2 Qe6) 26... Rfd8
27. exd5 Rxd5 28. h4 $6 $138 {A typical time-trouble mistake. OK, creating
'luft' for the king is acceptable, but positionally highly desirable though it
would be to break up black's king-side by pushing the pawn to h5, with move
time this would be seen to be too easy to prevent. Having opened the e-file it
was imperative to be the first there} (28. Re2 $1) 28... Rcd8 29. Re2 Bf8 30.
Rce1 Kg7 31. b3 a5 32. Re8 $6 (32. Qg4 $5) 32... Qb4 $1 33. Qc6 (33. Qxb4 axb4
34. Kf1 $15) 33... Rxe8 34. Qxe8 c4 $1 35. Qa8 {A step in the falsely complex
direction. It is particularly difficult to adjust to a situation of lost
initiative, but what happens next is dreadful. Of course after eg.} (35. bxc4
Qxc4 36. Qe2 Qxe2 37. Rxe2 {white should not lose.}) 35... Rd3 36. Re4 {
This time the flag was really hanging! After} (36. Qe4 Rc3 37. bxc4 Rxc4 (37...
Qxc4 38. Qxc4 Rxc4 39. Re2 $15) 38. Qe2 Qa4 {black is clearly pressing, but
this desertion of the back rank is really suicide.}) 36... Rd1+ 37. Kh2 Qd6+
38. g3 c3 39. Rc4 Qd3 0-1

[Event "Wotulo Memorial"]
[Site "Jakarta"]
[Date "2001.03.24"]
[Round "2"]
[White "Prayitno, Sugeng"]
[Black "Djuric, Stefan"]
[Result "1-0"]
[WhiteElo "2391"]
[BlackElo "2465"]
[Annotator "Wells,P"]
[PlyCount "83"]
[EventDate "2001.03.23"]
[EventType "tourn"]
[EventRounds "13"]
[EventCountry "INA"]
[EventCategory "8"]
[SourceTitle "CBM 083"]
[Source "ChessBase"]
[SourceDate "2001.07.05"]
[SourceVersion "1"]
[SourceVersionDate "2001.07.05"]
[SourceQuality "1"]

1. d4 Nf6 2. Bg5 Ne4 3. Bf4 g6 4. f3 Nf6 5. e4 d6 6. Qd2 Nc6 7. Ne2 e5 8. Be3
d5 9. Nbc3 (9. dxe5 $5 Nxe5 10. Bd4 (10. Nec3 dxe4 11. Qxd8+ Kxd8 12. Bg5 Be7
$13) 10... Nc4 $5 (10... Bd6 11. exd5 (11. f4 $4 Nxe4 12. Qc1 Qh4+ $40) 11...
O-O (11... Nxd5 $2 12. f4 $16) 12. Nbc3 Re8 13. O-O-O Nc4 14. Qg5 $14) 11. Qc3
Bg7 12. exd5 Nb6 13. Qe3+ Kf8 14. Nbc3 Nfxd5 15. Bxg7+ Kxg7 16. Qd4+ Qf6 $11)
9... dxe4 10. O-O-O exf3 11. gxf3 {This is the position where I found the idea
that white should have sufficient scarcely credible. Again, I was probably
influenced in my thinking by the existence of a positional ugliness in
addition to the pawn minus. Critical of course is the refutation of 11...Bg7,
but the extent of black's difficulties in other lines too is an eye-opener.} a6
({If} 11... Bg7 12. dxe5 Qxd2+ 13. Rxd2 Nxe5 14. Nb5 O-O 15. Nxc7 Nc4 16. Nxa8
Nxe3 17. Nc7 {black might hope for some compensation, bu not sufficient.}) 12.
Bg2 Bg7 (12... exd4 13. Nxd4 Bg7 14. Nxc6 Qxd2+ 15. Rxd2 bxc6 16. Bc5 $5 {
[%cal Yf3f4] is also problematic for the defence.}) 13. Qe1 e4 (13... Qe7 14.
Bg5 $5 exd4 $140 15. Nd5) (13... exd4 14. Nxd4 Nxd4 15. Bxd4+ Be6 16. Ne4 $36)
14. fxe4 $14 {[%csl Yd4,Ye4]} O-O 15. h3 Nd7 16. e5 Nb6 17. Qg3 Ne7 18. Bg5 h6
19. Bf4 g5 20. Bd2 Nf5 21. Qd3 Nh4 22. Be4 f5 23. exf6 Qxf6 24. Ng3 Be6 25. Nh5
Qxd4 26. Qxd4 Bxd4 27. Bxg5 hxg5 28. Rxd4 Nf5 29. Rd2 Kf7 30. Rg1 Nd6 31. Rxg5
Rg8 32. Rf2+ Ke7 33. h4 Rxg5 34. hxg5 Rh8 35. Nf4 Nxe4 36. Ng6+ Kd7 37. Nxe4
Rh1+ 38. Kd2 Nc4+ 39. Kc3 Rh3+ 40. Kd4 Nxb2 41. Nc5+ Kd6 42. Rf6 1-0